000 00301nam a2200133Ia 4500
008 150201s2009 xx 000 0 und d
082 _a617
_bS09B
100 _aBECKER
245 _aESSENTIALS OF SURGERY
260 _bELSEVIER
_aDELHI
_c2009
300 _a1-840
650 _aSURGERY
942 _2ddc
_cBK
999 _c1296
_d1296